LEADER 03149nam 2200625 450 001 996466854303316 005 20220911010802.0 010 $a3-540-36371-8 024 7 $a10.1007/BFb0060639 035 $a(CKB)1000000000438637 035 $a(SSID)ssj0000322308 035 $a(PQKBManifestationID)12125880 035 $a(PQKBTitleCode)TC0000322308 035 $a(PQKBWorkID)10289927 035 $a(PQKB)10143266 035 $a(DE-He213)978-3-540-36371-2 035 $a(MiAaPQ)EBC5610579 035 $a(Au-PeEL)EBL5610579 035 $a(OCoLC)1079003026 035 $a(MiAaPQ)EBC6842078 035 $a(Au-PeEL)EBL6842078 035 $a(OCoLC)1292359136 035 $a(PPN)155222058 035 $a(EXLCZ)991000000000438637 100 $a20220911d1970 uy 0 101 0 $aeng 135 $aurnn|008mamaa 181 $ctxt 182 $cc 183 $acr 200 10$aContributions to ergodic theory and probability $eproceedings of the First Midwestern Conference on Ergodic Theory, held at the Ohio State University, March 27-30, 1970 /$forganized by Louis Sucheston 205 $a1st ed. 1970. 210 1$aBerlin ;$aHeidelberg ;$aNew York :$cSpringer-Verlag,$d[1970] 210 4$d©1970 215 $a1 online resource (VII, 281 p.) 225 1 $aLecture notes in mathematics ;$v160 300 $aBibliographic Level Mode of Issuance: Monograph 311 $a0-387-05188-0 311 $a3-540-05188-0 320 $aIncludes bibliographical references. 327 $aContinuous flows in the plane -- New conditions for existence of invariant measures in ergodic theory -- Approximation and spectral multiplicity -- Approximation and invariance -- On some applications of probability methods to additive number theoretic problems -- Example of an ergodic measure preserving transformation on an infinite measure space -- Some results on convergence rates for weighted averages -- A note on ?-finite invariant measures -- Super-mean-valued functions and semipolar sets -- Liftings and derivation bases -- Lipschitz functions and the prevalence of strict ergodicity for continuous-time flows -- Weak ratio convergence of measures in infinite measure spaces -- Transformations without finite invariant measure have finite strong generators -- On the Araki-Woods asymptotic ratio set and non-singular transformations of a measure space -- Imbedding Bernoulli shifts in flows -- On the existence of a ?-finite invariant measure under a generalized Harris condition -- The Ambrose-Kakutani theorem and the poisson process -- Generalized martingales -- Local ergodic theorems for N-parameter semigroups of operators. 410 0$aLecture notes in mathematics (Springer-Verlag) ;$v160. 606 $aErgodic theory$vCongresses 606 $aProbabilities$vCongresses 615 0$aErgodic theory 615 0$aProbabilities 676 $a515.42 700 $aSucheston$b Louis$0102051 801 0$bMiAaPQ 801 1$bMiAaPQ 801 2$bMiAaPQ 906 $aBOOK 912 $a996466854303316 996 $aContributions to ergodic theory and probability$9262860 997 $aUNISA LEADER 01038nam a2200265 i 4500 001 991002227159707536 005 20250729142729.0 008 960614s1981 it ||| | ita 035 $ab1097779x-39ule_inst 035 $aPARLA157665$9ExL 040 $aDip.to scienze storiche$bita 082 04$a338.9 100 1 $aAmmannati, Laura$0141669 245 10$aCassa per il Mezzogiorno e intervento straordinario :$borigini e funzionamento di un modello di governo dell'economia /$cLaura Ammannati 260 $aNapoli :$bLiguori,$c[1981] 300 $a148 p. ;$c22 cm. 490 0 $aDiritto e societą ;$v10 650 4$aCassa del Mezzogiorno 651 4$aItalia meridionale$xInterventi statali 907 $a.b1097779x$b23-02-17$c28-06-02 912 $a991002227159707536 945 $aLE023 338.9 AMM 1 1$g1$i2023000150030$lle023$o-$pE0.00$q-$rl$s-$t0$u8$v2$w8$x0$y.i11090121$z28-06-02 996 $aCassa per il Mezzogiorno e intervento straordinario$9689575 997 $aUNISALENTO 998 $ale023$b01-01-96$cm$da$e-$fita$git$h0$i1